000 00683cam a2200253 4500
001 J1969
008 090401t1993 xxu||||| |||| 00| 0 eng d
035 _a(Sirsi) u46545
041 _aeng
050 _a711.552
110 _aKnight Frank and Rutley
_91990
245 _aRetail review. - Autumn 1993
260 _aLondon
_bKnight Frank and Rutley
_c1993
300 _a1 pt. ; 30cm.
350 _a0
650 _aOUT-OF-TOWN RETAILING
650 _aPLANNING POLICY GUIDANCE NOTE SIX
650 _aRETAIL PROPERTY
650 _aSHOPPING
650 _aTOWN CENTRE RETAILING
690 _aPROPERTY-COMMERCIAL PROPERTY-RETAIL PROPERTY
942 _n0
948 _c04/03/1997
999 _c91939
_d91939